| 000 | 00587nam a2200193 i 4500 | ||
|---|---|---|---|
| 001 | 40788 | ||
| 003 | ES-MaACL | ||
| 005 | 20250804063359.0 | ||
| 007 | t| | ||
| 008 | 030307s1977 sp ||||1| cat d | ||
| 100 | 1 |
_aCapmany, Maria Aurèlia, _d1918-1991 _934865 |
|
| 245 | 1 | 0 |
_aPedra de toc / _cMaria Aurèlia Capmany. |
| 250 | _a3ª ed. | ||
| 260 |
_aBarcelona : _bNova Terra, _c[1977] |
||
| 300 |
_a165 p. ; _c19 cm. |
||
| 651 | 4 |
_aEspaña- _xHistoria- _y1939-1975, Dictadura- _vRelatos personales. _9137431 |
|
| 852 |
_aES-MaACL _jA-6986 _bR.95736 |
||
| 999 |
_c40788 _d40788 |
||